01107nam a2200241Ia 4500001000600000003000900006008004100015040001300056040001300069041001300082100002100095100002900116245001700145245001700162250001100179260001100190260001500201260004900216300004300265500049800308650002800806650003100834E5934IT-RoPAU130308s9999 xx 000 0 und d aIT-RoPAU cIT-RoPAU aITALIANO aDel Re Gianmarco gCodice Aut. SPICS: 39102 aDerek Jarman bDerek Jarman a1a ed. aMILANO bIl Castoro c1997 [1° Ed.:1997 - Ed.Ling.Originale:1997] a"128 p. (prefazione: no ; testo: 128)" aMonografia su Derek Jarman, nato a Northwood nel 1942 e morto a Londra Nel1994. regista Pittore, scenografo e Scrittore, Ha Sempre cercato di Raggiungere un'arte Pura e Assoluta, in Cui L'Omosessualità€ fosse un Elemento profondo e Radicale. tra I Suoi Film Ricordiamo: Jubilee (1978), Caravaggio (1986), The Garden (1990), Wittgenstein (1993), Blue (1993), Glitterbug (1994). Temi, Linguaggi e Politica di Derek Jarman, Sovversivo suo Malgrado. Filmografia, videografia e Nota Bibliografica. aAUTORI/OPERE DEL CINEMA eCodice materia Spics: 6807